书目信息 |
| 题名: |
电影歌曲选
|
|
| 作者: | ;中国电影出版社 编 | |
| 分册: | 1980年1期 | |
| 出版信息: | 北京 中国电影出版社 1980 |
|
| 页数: | 30页 | |
| 开本: | 20cm | |
| 丛书名: | ||
| 单 册: | ||
| 中图分类: | J642.43 | |
| 科图分类: | ||
| 主题词: | 音乐--作品--中国 | |
| 电子资源: | ||
| ISBN: | ||
| 000 | 00590nam0 2200193 45 | |
| 001 | 0312221749 | |
| 005 | 20060508083112.31 | |
| 010 | @dCNY0.10 | |
| 091 | @a8061.1439 | |
| 100 | @a20031222d1980 km y0chiy0120 ea | |
| 101 | @achi | |
| 200 | 1 | @a电影歌曲选@ADian Ying Ge Qu Xuan@h1980年1期@f中国电影出版社编@Fzhong guo dian ying chu ban she bian |
| 210 | @a北京@c中国电影出版社@d1980 | |
| 215 | @a30页@d20cm | |
| 606 | 0 | @a音乐@x作品@x中国 |
| 690 | @aJ642.43@v3 | |
| 711 | 0 | @a中国电影出版社@Azhong guo dian ying chu ban she@4编 |
| 801 | @aCN@bTSTCL@c20060508 | |
| 905 | @a213230@dJ642.43@e1/80 | |
| 电影歌曲选.1980年1期/中国电影出版社编.-北京:中国电影出版社,1980 |
| 30页;20cm |
| ISBN :CNY0.10 |
| ● |
| 相关链接 |
|
|
|
|
正题名:电影歌曲选
索取号:J642.43/1/80
 
预约/预借
| 序号 | 登录号 | 条形码 | 馆藏地/架位号 | 状态 | 备注 |
| 1 | 0032162 | 202294249 | 密集书库/ [索取号:J642.43/1/80] | 在馆 | |
| 2 | 0032166 | 202294258 | 密集书库/ [索取号:J642.43/1/80] | 在馆 |